[Event "XXI Festival"]
[Site "Arco ITA"]
[Date "1999.10.31"]
[Round "9"]
[White "Rahls, Peter"]
[Black "Fercec, Nenad"]
[Result "0-1"]
[WhiteElo "2278"]
[BlackElo "2476"]
[PlyCount "75"]
[EventDate "1999.10.23"]

1.e4 e6 2.d4 d5 3.e5 c5 4.c3 Nc6 5.Nf3 Bd7 6.a3 Nge7 7.Be3 Nf5 8.b4 cxd4 
9.cxd4 f6 10.b5 Nce7 11.Nbd2 Qa5 12.g4 Nxe3 13.fxe3 h5 14.exf6 gxf6 15.g5 
fxg5 16.Ne5 Bg7 17.Nxd7 Kxd7 18.Bd3 Raf8 19.Ke2 Kc8 20.Nb3 Qb6 21.Rc1+ Kb8
22.Nc5 Qd6 23.Qa4 Nc8 24.Nxb7 Kxb7 25.Rc6 Qb8 26.Rhc1 Ka8 27.Rc7 Bh6 28.b6
Qxb6 29.Bb5 Nd6 30.Bd3 Rc8 31.R7c6 Rxc6 32.Rxc6 Qb8 33.Ba6 Ne4 34.Qc2 
Qxh2+ 35.Kd3 Qxc2+ 36.Kxc2 Re8 37.Rc7 Kb8 38.Rh7 0-1

[Event "XXI Festival"]
[Site "Arco ITA"]
[Date "1999.10.31"]
[Round "9"]
[White "Ricci, Alfredo"]
[Black "Valenti, Giuseppe"]
[Result "1-0"]
[WhiteElo "2042"]
[BlackElo "2227"]
[PlyCount "104"]
[EventDate "1999.10.23"]

1.e4 c5 2.Nf3 e6 3.d4 cxd4 4.Nxd4 Nf6 5.Bd3 a6 6.O-O Qc7 7.Re1 Bd6 8.Nf3 
Nc6 9.c4 Ng4 10.h3 Nge5 11.Nxe5 Bxe5 12.Nc3 O-O 13.Bf1 Na5 14.Qd3 Nc6 15.
g3 d6 16.Be3 b6 17.Rac1 Rb8 18.Red1 Rd8 19.b3 Bb7 20.Bg2 Ne7 21.f4 Bf6 22.
Qd2 Ba8 23.Qf2 Nc8 24.Na4 Bc6 25.e5 dxe5 26.Rxd8+ Bxd8 27.Bxc6 Qxc6 28.
fxe5 Qc7 29.c5 b5 30.Nc3 Ne7 31.Bf4 Nc6 32.Ne4 Nxe5 33.c6 f6 34.Qc5 Be7 
35.Qc3 Rc8 36.Bxe5 fxe5 37.Qe3 Rd8 38.h4 h6 39.Kg2 Ba3 40.Rc2 Be7 41.a4 
Rb8 42.Nf2 Bd6 43.Qd3 Rb6 44.Qg6 Qc8 45.Ng4 Kh8 46.Nxh6 gxh6 47.Qxh6+ Kg8 
48.Qg6+ Kh8 49.Rf2 Qxc6+ 50.Kh2 Rb7 51.Qh6+ Kg8 52.Qxe6+ Kh8 1-0

[Event "XXI Festival"]
[Site "Arco ITA"]
[Date "1999.10.31"]
[Round "9"]
[White "Romanishin, Oleg M."]
[Black "Epishin, Vladimir V."]
[Result "1/2-1/2"]
[WhiteElo "2567"]
[BlackElo "2657"]
[PlyCount "23"]
[EventDate "1999.10.23"]

1.d4 Nf6 2.Nf3 e6 3.g3 b5 4.Bg2 Be7 5.O-O O-O 6.Ne5 d5 7.Nd2 Nfd7 8.Nd3 
Bb7 9.e4 dxe4 10.Nxe4 Bd5 11.c3 Nb6 12.h4 1/2-1/2

[Event "XXI Festival"]
[Site "Arco ITA"]
[Date "1999.10.31"]
[Round "9"]
[White "Skembris, Spyridon"]
[Black "Slobodjan, Roman"]
[Result "0-1"]
[WhiteElo "2477"]
[BlackElo "2550"]
[PlyCount "72"]
[EventDate "1999.10.23"]

1.d4 Nf6 2.c4 g6 3.Nc3 Bg7 4.e4 d6 5.Bd3 e5 6.d5 O-O 7.Nge2 Nh5 8.O-O Qf6 
9.Rb1 Nf4 10.Nb5 Na6 11.b4 Nxd3 12.Qxd3 Qe7 13.Be3 f5 14.f3 Bd7 15.Nec3 f4
16.Bf2 g5 17.c5 Kh8 18.c6 bxc6 19.Nxa7 Nb8 20.dxc6 Nxc6 21.Nxc6 Bxc6 22.b5
Bb7 23.a4 Bf6 24.Rfd1 g4 25.fxg4 Rg8 26.h3 h5 27.b6 Ba6 28.Qd5 hxg4 29.
hxg4 Qg7 30.bxc7 Qxg4 31.g3 fxg3 32.Be3 Qh3 33.Nb5 Qh2+ 34.Kf1 g2+ 35.Ke2 
g1=Q+ 36.Kd3 Qxe3+ 0-1

[Event "XXI Festival"]
[Site "Arco ITA"]
[Date "1999.10.31"]
[Round "9"]
[White "Sulava, Nenad"]
[Black "Naumkin, Igor"]
[Result "1/2-1/2"]
[WhiteElo "2467"]
[BlackElo "2489"]
[PlyCount "115"]
[EventDate "1999.10.23"]

1.d4 e6 2.g3 Nf6 3.Bg2 d5 4.c4 Be7 5.Nf3 O-O 6.Qc2 c5 7.dxc5 Na6 8.O-O 
Nxc5 9.Rd1 Nce4 10.Nc3 Qb6 11.Be3 Bc5 12.Nxe4 Nxe4 13.Bxc5 Qxc5 14.Nd4 f5 
15.cxd5 Qxd5 16.e3 Qa5 17.Rac1 Qxa2 18.Ra1 Qd5 19.Nxf5 Qxf5 20.Bxe4 Qh5 
21.Ra4 h6 22.Bg6 Qb5 23.Rad4 e5 24.Rd8 Bg4 25.Qc7 Qb4 26.Rxa8 Rxa8 27.Rd8+
Rxd8 28.Qxd8+ Qf8 29.Bh7+ Kf7 30.Bg6+ Kg8 31.Qd5+ Kh8 32.Qxe5 Bf3 33.h4 
Qd8 34.Kh2 a5 35.Qf4 Bc6 36.e4 Kg8 37.Qf7+ Kh8 38.e5 Qd5 39.Qf8+ Qg8 40.
Qf5 Qd5 41.Qf8+ Qg8 42.Qf4 Qd5 43.f3 a4 44.h5 Qb3 45.Qf8+ Qg8 46.Qd6 Qc4 
47.Bd3 Qf7 48.Bg6 Qc4 49.Qb8+ Qg8 50.Qa7 Qb3 51.Qf2 Kg8 52.f4 Qd1 53.Kh3 
Qh1+ 54.Kg4 Qd1+ 55.Kh4 Qh1+ 56.Kg4 Qd1+ 57.Kh4 Qh1+ 58.Kg4 1/2-1/2

[Event "XXI Festival"]
[Site "Arco ITA"]
[Date "1999.10.31"]
[Round "9"]
[White "Tatai, Stefano"]
[Black "Arlandi, Ennio"]
[Result "0-1"]
[WhiteElo "2357"]
[BlackElo "2465"]
[PlyCount "123"]
[EventDate "1999.10.23"]

1.d4 Nf6 2.Nf3 d6 3.g3 g6 4.Bg2 Bg7 5.O-O O-O 6.c4 Nbd7 7.Qc2 e5 8.dxe5 
dxe5 9.Rd1 Qe7 10.Nc3 c6 11.h3 Nh5 12.e4 f5 13.exf5 gxf5 14.Bg5 Qf7 15.g4 
fxg4 16.hxg4 Nf4 17.Bxf4 Qxf4 18.Qe4 Nc5 19.Qxf4 exf4 20.Rac1 Bxg4 21.b4 
Ne6 22.Rd7 Rf7 23.Rxf7 Kxf7 24.Ne4 Rd8 25.c5 Nd4 26.Nxd4 Rxd4 27.b5 Ke7 
28.Nd6 f3 29.Bf1 Bd7 30.Nxb7 Rg4+ 31.Kh1 Be5 32.Rc4 Rxc4 33.Bxc4 cxb5 34.
Bd5 Bc7 35.c6 Bg4 36.Be4 Bb6 37.Kh2 h5 38.Kg3 Bc7+ 39.Kh4 a5 40.a3 Bb6 41.
Kg3 Bc7+ 42.Kh4 b4 43.axb4 axb4 44.Nc5 Kd6 45.Nd3 b3 46.Kg3 Ke7+ 47.Kh4 
Kf6 48.Bd5 Bf5 49.Nb2 Be5 50.Bxb3 Bxb2 51.Bd5 Kg6 52.Bxf3 Bf6+ 53.Kg3 Kg5 
54.Kg2 Be5 55.Bd5 Kf4 56.Kh2 Bg4 57.Kg2 Bc7 58.Kh2 h4 59.Bg2 Be6 60.Bh1 h3
61.Kg1 Bc4 62.Kh2 0-1

[Event "XXI Festival"]
[Site "Arco ITA"]
[Date "1999.10.31"]
[Round "9"]
[White "Wagman, Stuart"]
[Black "Lazarev, Vladimir"]
[Result "0-1"]
[WhiteElo "2169"]
[BlackElo "2501"]
[PlyCount "92"]
[EventDate "1999.10.23"]

1.e4 c5 2.Nf3 Nc6 3.d4 cxd4 4.Nxd4 Qc7 5.Nc3 e6 6.g3 a6 7.Bg2 Nf6 8.O-O 
Bc5 9.Nb3 Ba7 10.Qe2 d6 11.a4 Bd7 12.Bg5 Ne5 13.Rad1 Nc4 14.Bc1 Rc8 15.Nd4
Qa5 16.Nb1 b5 17.b3 Ne5 18.axb5 axb5 19.c3 b4 20.c4 Bc5 21.Bb2 Qb6 22.Kh1 
O-O 23.f4 Ng6 24.e5 Ne8 25.Nf3 Bc6 26.Nbd2 Qb7 27.Ng5 dxe5 28.fxe5 Be7 29.
Nde4 Ra8 30.Rd2 Ra5 31.Qh5 Bxg5 32.Nxg5 Bxg2+ 33.Rxg2 h6 34.Nxe6 fxe6 35.
Rxf8+ Nxf8 36.Qxe8 Qf3 37.h3 Ra8 38.Qe7 Qxb3 39.c5 Ra2 40.c6 Rxb2 41.Rxb2 
Qxb2 42.c7 Qc1+ 43.Kg2 b3 44.Qd8 b2 45.c8=Q Qxc8 46.Qxc8 b1=Q 0-1

[Event "Weekend"]
[Site "Pedara ITA"]
[Date "1999.10.??"]
[Round "2"]
[White "Fabiano, Giuseppe"]
[Black "Reitano, Marcello"]
[Result "1-0"]
[WhiteElo "2293"]
[BlackElo "1762"]
[PlyCount "73"]
[EventDate "1999.10.16"]

1. d4 d6 2. Nf3 g6 3. e4 Bg7 4. Be2 Nc6 5. O-O e5 6. d5 Nce7 7. c4 f5 8. Nc3
Nf6 9. exf5 gxf5 10. Ng5 O-O 11. f4 h6 12. Nf3 Ng6 13. fxe5 dxe5 14. Kh1 Ng4
15. c5 e4 16. Nd4 Nxh2 17. Rf2 Qh4 18. Kg1 Be5 19. g4 Bg3 20. Rg2 fxg4 21. Nxe4
Be5 22. Be3 g3 23. Qd3 Ne7 24. Nxg3 Ng4 25. Bxg4 Bxg4 26. Ngf5 Nxf5 27. Nxf5
Rxf5 28. Qxf5 Bh2+ 29. Rxh2 Qg3+ 30. Rg2 Qxe3+ 31. Qf2 Qg5 32. Rf1 h5 33. Qf7+
Kh8 34. Qf6+ Qxf6 35. Rxf6 Rd8 36. Rf7 Rxd5 37. Rxc7 1-0

[Event "Weekend"]
[Site "Pedara ITA"]
[Date "1999.10.??"]
[Round "5"]
[White "Reitano, Marcello"]
[Black "Gangemi, Salvatore"]
[Result "1/2-1/2"]
[WhiteElo "1762"]
[BlackElo "1831"]
[PlyCount "107"]
[EventDate "1999.10.16"]

1. c4 e5 2. g3 c6 3. Bg2 Bc5 4. Nc3 Nf6 5. e4 d6 6. Nge2 Ng4 7. O-O Qf6 8. Qe1
Qh6 9. h3 Bxf2+ 10. Rxf2 Nxf2 11. Qxf2 Bxh3 12. d4 Qe6 13. d5 Qd7 14. Be3 c5
15. a3 Na6 16. Nb5 Bg4 17. Bf3 Bxf3 18. Qxf3 Nc7 19. Nxc7+ Qxc7 20. Qg4 f6 21.
Kg2 Qd7 22. Qxd7+ Kxd7 23. g4 a6 24. Nc3 b5 25. cxb5 axb5 26. Rf1 Rhb8 27. Bc1
b4 28. Nb1 h6 29. Kf3 bxa3 30. Nxa3 Rb3+ 31. Kg2 Ra4 32. Re1 c4 33. Kf2 c3 34.
bxc3 Rxc3 35. Nb1 Rc2+ 36. Bd2 Ra1 37. Ke3 Rb2 38. Nc3 Ra3 39. Kd3 Rb7 40. Rc1
Ke8 41. Kc2 Kf7 42. Rh1 Kg6 43. Kd3 Rbb3 44. Kc2 Rb4 45. Kd3 Rd4+ 46. Ke3 Rb3
47. Rh5 Rb2 48. Rh2 Rb3 49. Rh5 Rc4 50. Kd3 Rd4+ 51. Ke3 Rb2 52. Rh2 Kf7 53.
Nd1 Rb1 54. Nc3 1/2-1/2

[Event "Weekend"]
[Site "Pedara ITA"]
[Date "1999.10.24"]
[Round "7"]
[White "Alaimo, Riccardo"]
[Black "Bottino, Alexiei"]
[Result "1-0"]
[WhiteElo "2068"]
[BlackElo "2207"]
[PlyCount "45"]
[EventDate "1999.10.16"]

1. e4 b6 2. d4 Bb7 3. Bd3 e6 4. Nf3 c5 5. c3 d5 6. e5 cxd4 7. cxd4 Bb4+ 8. Nc3
Nc6 9. O-O Qc8 10. Qe2 Bxc3 11. bxc3 a5 12. Rb1 Qd8 13. Ba3 Nge7 14. Qb2 Nc8
15. Rfc1 g5 16. Bb5 g4 17. Nd2 h5 18. c4 Rg8 19. Qc2 N8a7 20. Ba4 Rc8 21. cxd5
exd5 22. e6 b5 23. Qh7 1-0

[Event "Weekend"]
[Site "Pedara ITA"]
[Date "1999.10.24"]
[Round "7"]
[White "Isonzo, David"]
[Black "Reitano, Marcello"]
[Result "1-0"]
[WhiteElo "2257"]
[BlackElo "1762"]
[PlyCount "87"]
[EventDate "1999.10.16"]

1. e4 d6 2. d4 g6 3. Nc3 Bg7 4. Nf3 Nc6 5. Bb5 Bd7 6. h3 e5 7. Bg5 f6 8. Be3 a6
9. Bc4 b5 10. Be2 exd4 11. Nxd4 Nge7 12. O-O O-O 13. Nd5 Nxd4 14. Bxd4 Nc6 15.
Bc3 Rb8 16. b3 f5 17. Bxg7 Kxg7 18. exf5 Rxf5 19. f4 Be6 20. Ne3 Rf7 21. Qd2
Qf6 22. Rad1 Ne7 23. Kh2 Nf5 24. Ng4 Qh4 25. Qc3+ Kg8 26. g3 Qe7 27. Bd3 Qf8
28. Rde1 Re8 29. Be4 d5 30. Bxf5 Rxf5 31. Qc6 Kf7 32. Re2 h5 33. Ne5+ Kg7 34.
Nxg6 Kxg6 35. Rxe6+ Rxe6 36. Qxe6+ Qf6 37. Re1 Qxe6 38. Rxe6+ Kf7 39. Rxa6 d4
40. Rc6 Ke8 41. Rxc7 Kd8 42. Rh7 Rc5 43. Kg2 Rxc2+ 44. Kf1 1-0

[Event "Weekend"]
[Site "Pedara ITA"]
[Date "1999.10.??"]
[Round "8"]
[White "Reitano, Marcello"]
[Black "Alaimo, Riccardo"]
[Result "1/2-1/2"]
[WhiteElo "1762"]
[BlackElo "2068"]
[PlyCount "115"]
[EventDate "1999.10.16"]

1. c4 e5 2. g3 Nc6 3. Bg2 f5 4. e3 Nf6 5. Ne2 g6 6. Nbc3 Bg7 7. O-O O-O 8. d3
d6 9. Rb1 a5 10. a3 Ne7 11. b4 axb4 12. axb4 Rb8 13. d4 Be6 14. d5 Bf7 15. e4
Nxe4 16. Nxe4 fxe4 17. Bxe4 c6 18. Bg5 Rc8 19. Qd3 Qd7 20. f4 cxd5 21. cxd5
exf4 22. Bxf4 Kh8 23. Be3 Nf5 24. Bxf5 gxf5 25. Bd4 Bg8 26. Bxg7+ Qxg7 27. Rxf5
Rxf5 28. Qxf5 Re8 29. Nf4 Qd4+ 30. Kg2 Qe5 31. Qd3 Ra8 32. Rd1 Qb2+ 33. Kh3
Qxb4 34. Rb1 Qc5 35. Qf5 Qc8 36. Ne6 Bxe6 37. dxe6 Qf8 38. Qxf8+ Rxf8 39. Rxb7
Re8 40. e7 Kg7 41. Rd7 Kf7 42. Rxd6 Rxe7 43. g4 Re2 44. Kg3 Ra2 45. g5 Ra4 46.
h4 Kg7 47. h5 Ra3+ 48. Kf4 Ra4+ 49. Ke5 Ra5+ 50. Rd5 Ra6 51. Rd7+ Kg8 52. Rd6
Ra8 53. Kf5 Ra5+ 54. Kf6 Ra8 55. Re6 Rf8+ 56. Ke5 Rf1 57. Rd6 Re1+ 58. Kf5
1/2-1/2

[Event "II Weekend A"]
[Site "Porto Sant'Elpidio ITA"]
[Date "1999.10.16"]
[Round "1"]
[White "Baleani, Emanuele"]
[Black "Fioravanti, Emidio"]
[Result "0-1"]
[WhiteElo "1491"]
[BlackElo "1717"]
[PlyCount "66"]
[EventDate "1999.10.16"]

1. e4 e5 2. Nf3 Nc6 3. Bc4 Nf6 4. Ng5 d5 5. exd5 Na5 6. Bb5+ c6 7. dxc6 bxc6 8.
Qf3 Qb6 9. Nc3 Bg4 10. Qg3 Bd6 11. Be2 Bxe2 12. Nxe2 O-O 13. O-O Rad8 14. Qe3
Bc5 15. Qc3 h6 16. Nh3 Ne4 17. Qxe5 Nxd2 18. Bxd2 Rxd2 19. Nhf4 Rfd8 20. a3 Qb5
21. Kh1 Bd6 22. Qc3 Be5 23. Qe3 Nc4 24. Qxa7 Qxb2 25. Nd3 Qxc2 26. Nxe5 Nxe5
27. Ng3 Ng4 28. Kg1 c5 29. Rac1 Qb2 30. Qxc5 Nxf2 31. Rb1 Nh3+ 32. Kh1 Qxb1 33.
gxh3 Qb7+ 0-1

[Event "II Weekend A"]
[Site "Porto Sant'Elpidio ITA"]
[Date "1999.10.16"]
[Round "1"]
[White "Gasparroni, Daniele"]
[Black "Rinaudo, Andrea"]
[Result "0-1"]
[WhiteElo "1509"]
[BlackElo "1789"]
[PlyCount "56"]
[EventDate "1999.10.16"]

1. d4 Nf6 2. c4 e6 3. Nc3 d5 4. Bg5 Be7 5. Nf3 Nbd7 6. e3 a6 7. Bd3 dxc4 8.
Bxc4 b5 9. Bd3 Bb7 10. O-O O-O 11. Rc1 c5 12. b3 h6 13. Bh4 Rc8 14. Qe2 Re8 15.
Bg3 Qa5 16. dxc5 Nxc5 17. Be5 b4 18. Nb1 Bxf3 19. gxf3 Nxd3 20. Qxd3 Qxe5 21.
Rxc8 Rxc8 22. Qxa6 Rc2 23. Qb7 Bd6 24. f4 Qh5 25. Qa6 Ng4 26. Qa8+ Kh7 27. Qe4+
f5 28. Qg2 Nxe3 0-1

[Event "II Weekend A"]
[Site "Porto Sant'Elpidio ITA"]
[Date "1999.10.16"]
[Round "1"]
[White "Gasparroni, Riccardo"]
[Black "Rinaudo, Sergio"]
[Result "0-1"]
[WhiteElo "1431"]
[BlackElo "1663"]
[PlyCount "108"]
[EventDate "1999.10.16"]

1. e4 e5 2. Nf3 Nc6 3. Bc4 Bc5 4. d3 Nf6 5. Nc3 h6 6. O-O O-O 7. a3 d6 8. h3 a6
9. Qe2 Ne7 10. Be3 Bxe3 11. fxe3 Ng6 12. Rad1 Re8 13. Nd5 Nxd5 14. Bxd5 c6 15.
Bb3 Be6 16. Bxe6 Rxe6 17. Nh2 Qb6 18. b3 Qc5 19. a4 b5 20. axb5 cxb5 21. Rf2 a5
22. Ra1 a4 23. Qd1 Re7 24. Nf1 Rea7 25. b4 Qc6 26. Ng3 Ne7 27. Nf5 Rc8 28.
Nxe7+ Rxe7 29. Ra3 Rec7 30. c3 Qb7 31. Rc2 d5 32. exd5 Qxd5 33. Qd2 Rd8 34. d4
Qe4 35. Raa2 Rc4 36. Ra1 exd4 37. Rd1 d3 38. Ra2 Rd6 39. Ra3 Rg6 40. Ra2 Rd6
41. Rb2 Rc7 42. Rbb1 Re7 43. Re1 Re5 44. Rbd1 Rg5 45. Rf1 Rdg6 46. Rf2 Rg3 47.
Re1 Rxh3 48. Rf4 Qd5 49. Rd4 Qe5 50. Rf4 Rhg3 51. Rf2 Qe4 52. Kf1 R6g5 53. Qa2
Qh4 54. Qxf7+ Kh7 0-1

[Event "II Weekend A"]
[Site "Porto Sant'Elpidio ITA"]
[Date "1999.10.16"]
[Round "1"]
[White "Giobbi, Costantino"]
[Black "Marinucci, Johnny"]
[Result "1/2-1/2"]
[WhiteElo "1761"]
[BlackElo "1500"]
[PlyCount "62"]
[EventDate "1999.10.16"]

1. e4 Nf6 2. Nc3 d5 3. exd5 Nxd5 4. Bc4 Nb6 5. Bb3 Nc6 6. Nge2 Bg4 7. d4 e6 8.
Bf4 Bb4 9. a3 Bxc3+ 10. bxc3 Nd5 11. Bd2 O-O 12. O-O Nf6 13. f3 Bf5 14. Ng3 Bg6
15. Bg5 h6 16. Bh4 Bh7 17. f4 Nb8 18. Qf3 c6 19. f5 exf5 20. Nxf5 Bxf5 21. Qxf5
Nbd7 22. Rf3 Qe7 23. Raf1 Rae8 24. Qh3 g5 25. Qf5 Qe4 26. Qxe4 Rxe4 27. Bg3 Kg7
28. Rxf6 Nxf6 29. Be5 Rxe5 30. dxe5 Ne4 31. Rd1 Nc5 1/2-1/2

[Event "II Weekend A"]
[Site "Porto Sant'Elpidio ITA"]
[Date "1999.10.16"]
[Round "1"]
[White "Miandro, Roberto"]
[Black "Iaconi, Andrea"]
[Result "1-0"]
[WhiteElo "1810"]
[BlackElo "1542"]
[PlyCount "77"]
[EventDate "1999.10.16"]

1. c4 c5 2. Nf3 Nf6 3. Nc3 e6 4. d4 cxd4 5. Nxd4 a6 6. g3 Be7 7. Bg2 Nc6 8. O-O
O-O 9. e4 Qc7 10. b3 d6 11. Bb2 Bd7 12. Nc2 Rfd8 13. Ne3 Ne5 14. Rc1 Bc6 15.
Ncd5 Bxd5 16. cxd5 Qa5 17. f4 Ned7 18. Nc4 Qb5 19. Re1 Nc5 20. Re3 Rac8 21. a4
Qe8 22. Nb6 Rb8 23. b4 Ncd7 24. Nc4 Rdc8 25. dxe6 fxe6 26. Nxd6 Rxc1 27. Bxc1
Qf8 28. e5 Bxd6 29. exd6 Qc8 30. Rxe6 Qc4 31. Re7 Qxb4 32. g4 Nb6 33. g5 Nfd7
34. a5 Qxa5 35. Qb3+ Kh8 36. Qf7 Rg8 37. Bb2 Qc5+ 38. Kh1 Nf6 39. gxf6 1-0

[Event "II Weekend A"]
[Site "Porto Sant'Elpidio ITA"]
[Date "1999.10.16"]
[Round "1"]
[White "Mircoli, Filippo"]
[Black "Giardina, Piera"]
[Result "0-1"]
[WhiteElo "1564"]
[BlackElo "1341"]
[PlyCount "48"]
[EventDate "1999.10.16"]

1. e4 e5 2. Nf3 Nc6 3. Bc4 Bc5 4. O-O Nf6 5. c3 O-O 6. Re1 Re8 7. d4 Bb6 8. Bg5
d6 9. dxe5 Nxe5 10. Nxe5 Rxe5 11. Kh1 Rxg5 12. f4 Rc5 13. Na3 Ng4 14. Rf1 Qh4
15. h3 Nf2+ 16. Rxf2 Qxf2 17. e5 Qxf4 18. exd6 cxd6 19. Qb3 Rf5 20. Rf1 Qg5 21.
Bxf7+ Kh8 22. Re1 Bd7 23. Nc4 Bc6 24. Ne3 Bxe3 0-1

[Event "II Weekend A"]
[Site "Porto Sant'Elpidio ITA"]
[Date "1999.10.16"]
[Round "1"]
[White "Negri, Jacopo"]
[Black "Zallocco, Marco"]
[Result "1-0"]
[WhiteElo "1651"]
[BlackElo "1425"]
[PlyCount "29"]
[EventDate "1999.10.16"]

1. e4 c5 2. c3 Nf6 3. e5 Ng8 4. Nf3 d5 5. d4 e6 6. Bd3 c4 7. Bc2 g6 8. h4 Bg7
9. Ng5 Ne7 10. Qf3 Nf5 11. g4 Nh6 12. h5 f5 13. exf6 Qxf6 14. Qxf6 Bxf6 15.
Nxh7 1-0

[Event "II Weekend A"]
[Site "Porto Sant'Elpidio ITA"]
[Date "1999.10.16"]
[Round "1"]
[White "Panichelli, Benedetto"]
[Black "Fratini, Mauro"]
[Result "1-0"]
[WhiteElo "1710"]
[BlackElo "1440"]
[PlyCount "69"]
[EventDate "1999.10.16"]

1. d4 Nf6 2. Bg5 d5 3. Bxf6 exf6 4. e3 Be7 5. c4 c6 6. cxd5 cxd5 7. Nc3 O-O 8.
Qb3 Qa5 9. Qxd5 Qxd5 10. Nxd5 Bd6 11. Bd3 Nc6 12. Ne2 Be6 13. Ndc3 a6 14. a3 b5
15. d5 Ne5 16. Bc2 Bd7 17. Ne4 Bc7 18. Nc5 Bg4 19. f3 Bh5 20. Nf4 Bg6 21. Nxg6
hxg6 22. Kf2 Nc4 23. b3 Be5 24. bxc4 Bxa1 25. Rxa1 Rfc8 26. Ne4 Rxc4 27. Bb3
Rcc8 28. d6 Rd8 29. Rd1 a5 30. Nc5 a4 31. Bd5 Ra7 32. Nb7 Rd7 33. Bc6 Raxb7 34.
Bxb7 Kf8 35. Bc6 1-0

[Event "II Weekend A"]
[Site "Porto Sant'Elpidio ITA"]
[Date "1999.10.16"]
[Round "1"]
[White "Rinaudo, Claudio"]
[Black "Luciani, Valerio"]
[Result "0-1"]
[WhiteElo "1552"]
[BlackElo "2229"]
[PlyCount "90"]
[EventDate "1999.10.16"]

1. e4 e6 2. d4 d5 3. exd5 exd5 4. Bd3 Nc6 5. c3 Bd6 6. Ne2 Nge7 7. Bf4 Bg4 8.
f3 Be6 9. Nd2 Ng6 10. Bxg6 hxg6 11. Qb3 b6 12. O-O-O Qd7 13. Rde1 O-O-O 14. Qb5
Kb7 15. g3 Be7 16. Qb3 g5 17. Be3 Rde8 18. Kb1 Bf6 19. Nc1 Bh3 20. Re2 Bf5+ 21.
Ka1 Re7 22. Rhe1 Rhe8 23. Bg1 Rxe2 24. Rxe2 Rxe2 25. Nxe2 Qe6 26. Qd1 Bd3 27.
Nc1 Ba6 28. Bf2 Ne7 29. Qe1 Qf5 30. Qd1 Qh3 31. Bg1 Ng8 32. Qe1 Qd7 33. Ndb3
Nh6 34. Qd2 Qf5 35. Qf2 g4 36. f4 g5 37. fxg5 Qxf2 38. Bxf2 Bxg5 39. Kb1 Nf5
40. Kc2 Ne3+ 41. Kb1 Kc6 42. Nd2 Kd6 43. a4 Ke6 44. b4 Nd1 45. b5 Nxf2 0-1

[Event "II Weekend A"]
[Site "Porto Sant'Elpidio ITA"]
[Date "1999.10.17"]
[Round "2"]
[White "Fioravanti, Emidio"]
[Black "Miandro, Roberto"]
[Result "1-0"]
[WhiteElo "1717"]
[BlackElo "1810"]
[PlyCount "101"]
[EventDate "1999.10.16"]

1. e4 c5 2. Nf3 d6 3. d4 cxd4 4. Nxd4 Nf6 5. Nc3 a6 6. Bc4 e6 7. Bb3 b5 8. O-O
Be7 9. a3 O-O 10. Qe2 Qc7 11. Bg5 Nc6 12. Nxc6 Qxc6 13. Rad1 Bb7 14. f3 Qc5+
15. Be3 Qc7 16. Qf2 Nd7 17. Rd2 Nc5 18. Ba2 Bf6 19. Bd4 Nd7 20. Rfd1 Rfd8 21.
Kh1 Be7 22. Qg3 g6 23. f4 Nf6 24. f5 Nxe4 25. Nxe4 Bxe4 26. fxe6 f5 27. h4 Rac8
28. Qe3 d5 29. Bb6 Bc5 30. Bxc7 Bxe3 31. Bxd8 Rxd8 32. e7 Re8 33. Bxd5+ Kg7 34.
Bxe4 Bxd2 35. Bc6 Rxe7 36. Rxd2 Kf6 37. Bf3 Re6 38. Kh2 h6 39. g3 g5 40. hxg5+
hxg5 41. g4 f4 42. Rd5 Re1 43. Rd6+ Kg7 44. Rxa6 Rc1 45. Kh3 Rxc2 46. Rg6+ Kf7
47. Rxg5 Rxb2 48. Rf5+ Ke7 49. Rxf4 Rb3 50. Kh4 Rxa3 51. Bc6 1-0

[Event "II Weekend A"]
[Site "Porto Sant'Elpidio ITA"]
[Date "1999.10.17"]
[Round "2"]
[White "Fratini, Mauro"]
[Black "Gasparroni, Daniele"]
[Result "0-1"]
[WhiteElo "1440"]
[BlackElo "1509"]
[PlyCount "85"]
[EventDate "1999.10.16"]

1. d4 d5 2. Nf3 c5 3. c3 Nc6 4. Bf4 Nf6 5. h3 Bf5 6. e3 e6 7. Be2 Qb6 8. b3 Qa5
9. O-O Bxb1 10. Rxb1 Qxc3 11. Bb5 Rc8 12. Ne5 Be7 13. Nxc6 bxc6 14. Ba6 Rd8 15.
Bb7 O-O 16. Bxc6 cxd4 17. Rc1 Qb4 18. exd4 Rc8 19. Re1 Qb6 20. Ba4 Rxc1 21.
Bxc1 Ne4 22. Bb2 e5 23. Rf1 Bf6 24. dxe5 Bh4 25. Bd4 Qe6 26. Qg4 Qxg4 27. hxg4
Rc8 28. g3 Be7 29. Bxa7 Rc2 30. Rd1 Nc3 31. Re1 Nxa4 32. bxa4 Rxa2 33. Bb8 Rxa4
34. Rc1 Rc4 35. Rd1 Rxg4 36. Rxd5 Kf8 37. Kg2 Rg5 38. f4 Rf5 39. Bd6 Ke8 40.
Kf3 Rh5 41. Ke4 Kd7 42. f5 Rg5 43. e6+ 0-1

[Event "II Weekend A"]
[Site "Porto Sant'Elpidio ITA"]
[Date "1999.10.17"]
[Round "2"]
[White "Iaconi, Andrea"]
[Black "Gasparroni, Riccardo"]
[Result "0-1"]
[WhiteElo "1542"]
[BlackElo "1431"]
[PlyCount "62"]
[EventDate "1999.10.16"]

1. e4 c5 2. Nf3 Nc6 3. Nc3 e6 4. d3 d5 5. exd5 exd5 6. Be2 Nf6 7. O-O Be7 8.
Bf4 O-O 9. Qd2 Bf5 10. d4 cxd4 11. Nxd4 Nxd4 12. Qxd4 Bxc2 13. Rac1 Bf5 14. Bf3
Be6 15. Rfd1 Qd7 16. Nxd5 Bxd5 17. Bxd5 Rfd8 18. Bxf7+ Kxf7 19. Qc4+ Qe6 20.
Qxe6+ Kxe6 21. Re1+ Kf7 22. Rc7 Rd7 23. Rec1 Rad8 24. g3 Rxc7 25. Rxc7 Rd7 26.
Rc2 Nd5 27. Rd2 Ke8 28. Be5 Bf6 29. f4 Bxe5 30. fxe5 Ke7 31. Kg2 Ne3+ 0-1

[Event "II Weekend A"]
[Site "Porto Sant'Elpidio ITA"]
[Date "1999.10.17"]
[Round "2"]
[White "Luciani, Valerio"]
[Black "Panichelli, Benedetto"]
[Result "1/2-1/2"]
[WhiteElo "2229"]
[BlackElo "1710"]
[PlyCount "66"]
[EventDate "1999.10.16"]

1. e4 c5 2. Nc3 e6 3. g3 Nc6 4. Bg2 Nf6 5. d3 d5 6. Bg5 d4 7. Nce2 Be7 8. Nf3
e5 9. O-O O-O 10. h3 h6 11. Bd2 Nh7 12. Ne1 f5 13. exf5 Bxf5 14. f4 Be6 15. Nf3
Bd6 16. fxe5 Nxe5 17. Nf4 Nxf3+ 18. Qxf3 Bxf4 19. Bxf4 Ng5 20. Qxb7 Nxh3+ 21.
Kh2 Nxf4 22. Qxa8 Qg5 23. Qxf8+ Kxf8 24. Rxf4+ Ke7 25. Re1 Kd6 26. Rfe4 Bd7 27.
b3 Qh5+ 28. Kg1 Qg5 29. Kf2 Bg4 30. Rf4 Be6 31. Re2 Bg4 32. Re1 Be6 33. Re2 Bg4
1/2-1/2

[Event "II Weekend A"]
[Site "Porto Sant'Elpidio ITA"]
[Date "1999.10.17"]
[Round "2"]
[White "Marinucci, Johnny"]
[Black "Mircoli, Filippo"]
[Result "0-1"]
[WhiteElo "1500"]
[BlackElo "1564"]
[PlyCount "90"]
[EventDate "1999.10.16"]

1. d4 Nf6 2. Nf3 e6 3. Bf4 c5 4. c3 d5 5. e3 Nc6 6. h3 Qa5 7. Nbd2 c4 8. Qc2 b5
9. e4 h6 10. Be2 Bb7 11. exd5 Nxd5 12. Bh2 Be7 13. O-O O-O 14. Ne5 Nf6 15. Bf3
Qb6 16. Nxc6 Bxc6 17. Rfe1 Rad8 18. Rad1 Rfe8 19. Bxc6 Qxc6 20. Nf3 Nd7 21. Re2
Bf6 22. Rde1 Nb6 23. Be5 Be7 24. Qe4 Qxe4 25. Rxe4 Nd5 26. Rg4 Bf8 27. Nd2 f6
28. Bh2 f5 29. Rg3 g5 30. Rf3 h5 31. g4 hxg4 32. hxg4 f4 33. Rh3 Kg7 34. Nf3 b4
35. cxb4 Nxb4 36. Nxg5 Kf6 37. Bxf4 Rxd4 38. Be5+ Kxg5 39. Bxd4 Nd3 40. Re4 e5
41. f4+ Nxf4 42. Be3 Kxg4 43. Rh8 Kf3 44. Rxf4+ exf4 45. Bxa7 Bc5+ 0-1

[Event "II Weekend A"]
[Site "Porto Sant'Elpidio ITA"]
[Date "1999.10.17"]
[Round "2"]
[White "Rinaudo, Andrea"]
[Black "Negri, Jacopo"]
[Result "1-0"]
[WhiteElo "1789"]
[BlackElo "1651"]
[PlyCount "67"]
[EventDate "1999.10.16"]

1. e4 e6 2. d4 d5 3. exd5 exd5 4. Bd3 Nf6 5. c3 c5 6. dxc5 Bxc5 7. Nf3 O-O 8.
O-O Bg4 9. h3 Bh5 10. Bf4 Re8 11. Nbd2 Nbd7 12. Nb3 Bb6 13. Bf5 Ne5 14. Bxe5
Rxe5 15. g4 Rxf5 16. gxf5 Ne4 17. Qd3 Qd6 18. Kg2 Qf4 19. Nbd2 Bc7 20. Qe3
Bxf3+ 21. Nxf3 Qxf5 22. Rg1 Re8 23. Nd4 Qg6+ 24. Kf1 Qh5 25. Qd3 Nd2+ 26. Kg2
Qg5+ 27. Kh1 Qf4 28. Qg3 Qxg3 29. fxg3 Ne4 30. g4 Bg3 31. Kg2 g6 32. Rad1 Bb8
33. Rge1 Kg7 34. Nf3 1-0

[Event "II Weekend A"]
[Site "Porto Sant'Elpidio ITA"]
[Date "1999.10.17"]
[Round "2"]
[White "Rinaudo, Sergio"]
[Black "Fioravanti, Diego"]
[Result "1-0"]
[WhiteElo "1663"]
[BlackElo "1717"]
[PlyCount "79"]
[EventDate "1999.10.16"]

1. d4 Nf6 2. Nf3 b6 3. e3 Bb7 4. Bd3 g6 5. O-O Bg7 6. c4 O-O 7. Nc3 d5 8. b3 c5
9. Ba3 Ne4 10. Nxd5 Bxd5 11. cxd5 Nc3 12. Qc2 Nxd5 13. Rad1 Nd7 14. dxc5 bxc5
15. Be4 N7f6 16. Bxd5 Nxd5 17. Qxc5 e6 18. e4 Rc8 19. Qxa7 Ra8 20. Qc5 Rc8 21.
Qb5 Rb8 22. Qd3 Nc3 23. Bxf8 Nxd1 24. Rxd1 Qxf8 25. Qd6 Qe8 26. Qd7 Qf8 27. h3
Bf6 28. Rc1 Rd8 29. Qc7 Ra8 30. a4 Qb4 31. Qc4 Qa3 32. e5 Bg7 33. Rd1 Qb2 34.
Qb5 Rc8 35. a5 Qc2 36. Re1 Rc3 37. a6 Qa2 38. Qb8+ Bf8 39. a7 Rxb3 40. a8=Q 1-0